000 00322nam a2200145Ia 4500
005 20251222153618.0
008 251222s9999||||xx |||||||||||||| ||spa||
020 _a8445501968
082 _a800/S71
100 _aSoto, Marcelo
245 0 _aLas Bodas Triste
250 _a1ra.ed.
264 _bApóstrofe
942 _cLIB
999 _c31877
_d31877